Male Homosexuality
שמור ב:
| מחבר ראשי: | |
|---|---|
| מחברים אחרים: | |
| פורמט: | ספר |
| שפה: | אנגלית |
| תגים: |
אין תגיות, היה/י הראשונ/ה לתייג את הרשומה!
|
MARC
| LEADER | 00000nam a2200000 4500 | ||
|---|---|---|---|
| 005 | 20240731182021.0 | ||
| 008 | 240731b |||||||| |||| 00| 0 eng d | ||
| 040 | |c GP | ||
| 100 | |a Weinberg, Martin S. | ||
| 245 | |a Male Homosexuality | ||
| 700 | |a Williams, Colin J, | ||
| 942 | |2 ddc |c BK |n 0 | ||
| 952 | |0 0 |1 0 |2 ddc |4 0 |6 306_766000000000000_WEI |7 1 |9 1727 |a RM |b RM |d 2024-07-31 |l 0 |o 306.766 WEI |p 502 |r 2024-07-31 18:20:40 |w 2024-07-31 |y BK | ||
| 999 | |c 1543 |d 1543 | ||